| 000 | 00853nam a2200229 a 4500 | ||
|---|---|---|---|
| 001 | BRCA_469 | ||
| 005 | 20190320203026.0 | ||
| 008 | 960423s1995 mx-a---##b---#000-0#spa-# | ||
| 020 | _a9688591831 | ||
| 040 |
_aDLC _cDLC _dDLC |
||
| 050 | 4 |
_aN7740 _b.C54 1995 |
|
| 245 | 1 | 0 |
_aLa ciencia de las imágenes _cMaría del Carmen Alberú ... [et al.]. |
| 260 |
_aMéxico _bUniversidad Iberoamericana, Departamento de Arte _c1995 |
||
| 300 |
_a49 p. _bil. _c21 cm. |
||
| 504 | _aIncluye referencias bibliográficas | ||
| 650 | 1 | 4 |
_aGravelot - Hubert Francois _e1699-1773 _xIconología por figuras _91614 |
| 650 | 1 | 4 |
_aCochin, Charles Nicolas _e1715-1790 _xIconología por figuras _91615 |
| 650 | 1 | 4 |
_aEmblemas _yObras anteriores a 1800 _91616 |
| 650 | 1 | 4 |
_aSimbolismo en el arte _ySiglo XVII-XVIII _91617 |
| 700 | 1 |
_aAlberú, María del Carmen _91618 |
|
| 942 |
_2lcc _cB |
||
| 999 |
_c404 _d404 |
||